| 000 | 01050nam a22002777a 4500 | ||
|---|---|---|---|
| 001 | 5093 | ||
| 003 | FISKH | ||
| 005 | 20241106084401.0 | ||
| 008 | 241106b cb ||||| |||| 00| 0 eng d | ||
| 020 | _a9780545622943 | ||
| 040 |
_aFISKH _beng _cFISKH _dFISKH |
||
| 050 | _aD769.348 | ||
| 082 | _a940.54 | ||
| 100 | _aStone, Tanya Lee | ||
| 245 |
_aCourage Has No Color : _bThe True Story of the Triple Nickles: America's First Black Paratroopers / _cby Tanya Lee Stone |
||
| 250 | _aFirst Scholastic printing, November 2013 | ||
| 260 |
_aNew York : _bScholastic ; _c2013 . |
||
| 300 |
_a147 pages : _billustrations ; _c23 cm . |
||
| 505 | _aZ | ||
| 520 | _aExamines the role of African-Americans in the military through the history of the Triple Nickles, America's first black paratroopers, who fought against attacks perpetrated on the American West by the Japanese during World War II. | ||
| 521 | 8 |
_a1090
_bLexile |
|
| 521 | 8 |
_aZ
_bRaz-Plus |
|
| 650 |
_aparatroopers _vnon-fiction |
||
| 942 |
_2ddc _cBK _n0 |
||
| 999 |
_c5093 _d5093 |
||